LEADER 01814nam a2200409 a 4500 001 000000132318 003 CaOOAMICUS 005 20130115125718.0 008 130115s2012 it u000 u ita r 020 $a978-88-7094-811-0 040 $aPUL$bita 041 1 $aita$hlat 082 04$a241 100 1 $aTertullianus, Quintus Septimius Florens,$dc. 160-c. 225.$0(OLS)http://pul/name/1914 240 10$aAd uxorem.$lLatino e italiano.$0(OLS)http://pul/title/167162 245 10$aAlla sposa =$bad uxorem /$cTertulliano ; testo critico di CCL 1 Aem. Kroymann ; introduzione, traduzione, note e appendice Attilio Carpin. 246 31$aAd uxorem 260 $aRoma :$bEdizioni San Clemente ;$aBologna :$bEdizioni Studio Domenicano,$c2012. 300 $a275 p. ;$c20 cm. 490 1 $aTalenti ;$v11 500 $aBibliografia in nota. 546 $aTesto latino a fronte. 700 1 $aCarpin, Attilio,$csac.$0(OLS)http://pul/name/67513 700 1 $aKroymann, Emil.$0(OLS)http://pul/name/23187 830 2$aI Talenti ;$v11.$0(OLS)http://pul/title/142080 850 $aPUL 852 $aPUL$W1$xSL Religione 3$y85$m241 TERQU 1$j152269$qDDC 21$B151622$CPULBib$Z2$F151622 $H121384 $82 900 $aTertulliano,$dc. 160-c. 225$91914 900 $aTertulliano, Quinto Settimio Fiorente,$dc. 160-c. 225$91914 941 1 $a9 996 $6020$a978-88-7094-811-0$9(OLS)http://pul/number/151488 996 $6082$a241$9(OLS)http://pul/classification/246 996 $6246$aAd uxorem$9(OLS)http://pul/title/132603 996 $6245$aAlla sposa =$bad uxorem$9(OLS)http://pul/title/167161 996 $6260$aRoma :$bEdizioni San Clemente$9(OLS)http://pul/publisher/80048 996 $6260$aBologna :$bEdizioni Studio Domenicano$9(OLS)http://pul/publisher/49136 LEADER 01278nam a2200301 a 4500 001 000000163289 003 CaOOAMICUS 005 20171010140432.0 008 171010s1985 it f m u000 u ita r 032 $aLibriCat 040 $aPUL$bita 100 1 $aMuraro, Maura Maria.$0(OLS)http://pul/name/104876 245 02$aL'Addolorata di Rovigo : $bstoria, culto, spiritualitā / $cMaria Maura Muraro . 260 $aRoma :$b[s.n.],$c1985. 300 $a246 p. :$btav. ;$c24 cm. 502 $aEstratto di Tesi -- Pontificia Facoltā Teologica Marianum. 1985. 504 $aBibliografia in nota a pič pagina. 600 04$aMaria Virgo,$cs.$0(OLS)http://pul/subject/500 710 2 $aPontificia Facoltā Teologica "Marianum".$kTesi.$0(OLS)http://pul/name/82120 850 $aPUL 852 $aPUL$W1$xDP1 Tesi Pon. Fac. Marianum$y38$mTH MAR 66$j187365$qTesi$B190508$CPULBib$Z2$F190508 $H75778 $82 910 $aFacoltā teologica "Marianum".$bIstituto di mariologia$982120 941 1 $a16 960 $aMariologia$9500 960 $aMariologia$9500 996 $6245$aL'Addolorata di Rovigo : $bstoria, culto, spiritualitā / $9(OLS)http://pul/title/203013 996 $6260$aRoma :$b[s.n.]$9(OLS)http://pul/publisher/47958